000
00177 a2200097 4500
020
_a
9788434880573
041
_a
spa
100
_a
Anonimo
245
_a
Suena Bien
942
_c
BK
999
_c
16373
_d
16373